LEADER 01064nam0-22003851i-450- 001 990001118480403321 005 20060718114231.0 010 $a0-7382-0296-7 035 $a000111848 035 $aFED01000111848 035 $a(Aleph)000111848FED01 035 $a000111848 100 $a20001205d1996----km-y0itay50------ba 101 0 $aeng 102 $aUS 105 $ac-------001yy 200 1 $aFeynman lectures on computation$fRichard P. Feynman$gedited by Tony Hey, Robin W.Allen 205 $aReprinted with corrections in 1999 210 $a[s. l.]$cWestview$d1999 215 $axiv, 303 p.$d24 cm 610 0 $aTeoria dell'informazione 676 $a004.01 700 1$aFeynman,$bRichard Phillips$046772 702 1$aAllen,$bRobin W. 702 1$aHey,$bTony 801 0$aIT$bUNINA$gRICA$2UNIMARC 901 $aBK 912 $a990001118480403321 952 $a8A-056$fFI1 952 $aMAI-68-016$b19958$fMA1 959 $aFI1 959 $aMA1 962 $a68-02 996 $aFeynman lectures on computation$9336740 997 $aUNINA LEADER 01223nkm 22004093 450 001 9910702934903321 005 20180905091910.0 035 $a(VaAlASP)3313546 035 $a(CKB)4940000000385840 035 $a(OCoLC)493174217 035 $a(VaAlASP)ASP3313546/cpho 035 $a(EXLCZ)994940000000385840 100 $a20180905nuuuuuuuu |y i 101 0 $aeng 135 $aur||||||||||| 181 $csti$2rdacontent 182 $cc$2rdamedia 182 $cn$2rdamedia 183 $acr$2rdacarrier 200 00$aAlabama 210 1$a[Place of publication not identified] :$c[publisher not identified],$d[date of publication not identified] 215 $a1 online resource (1 image) 225 0 $aImages of the American Civil War 225 0 $aLibrary Company of Philadelphia. Print and Photograph Department 300 $aTitle from resource description page (viewed September 05, 2018). 330 $aEnvelope. 606 $aCivil War (1860-1865) 607 $aAlabama 608 $aEphemera 615 4$aCivil War (1860-1865) 676 $a361 801 0$bVaAlASP 801 1$bVaAlASP 906 $aDOCUMENT 912 $a9910702934903321 996 $aAlabama$93218623 997 $aUNINA